Informe sobre el estado en que se encuentran las estadísticas agropecuarias, manufactureras y de comercio exterior, en los países centroamericanos y Panamá

Analiza el grado de realización y coordinación en Centroamerica y Panamá del programa de estadísticas básicas en las áreas de agricultura, ganadería, industria manufacturera y comercio, realiza un diagnóstico sobre las estadísticas de agricultura y ganadería por países (censos agropecuarios, estadís...

ver descrição completa

Na minha lista:
Detalhes bibliográficos
Autor Corporativo: SIECA
Formato: Texto
Publicado em: Guatemala: SIECA
Assuntos:
Tags: Adicionar Tag
Sem tags, seja o primeiro a adicionar uma tag!

MARC

LEADER 00000 a a2200000 04500
001 19697
003
040
090 |a 078900  
110 |a SIECA  
245 |a Informe sobre el estado en que se encuentran las estadísticas agropecuarias, manufactureras y de comercio exterior, en los países centroamericanos y Panamá  
260 |a Guatemala:   |b SIECA  
300 |a 55 p.  
520 |a Analiza el grado de realización y coordinación en Centroamerica y Panamá del programa de estadísticas básicas en las áreas de agricultura, ganadería, industria manufacturera y comercio, realiza un diagnóstico sobre las estadísticas de agricultura y ganadería por países (censos agropecuarios, estadísticas continuas, marco muestral por área, esquema tipo comparativo) de la industria manufacturera (censos y encuestas) y del comercio exterior (nomenclatura arancelaria uniforme, tabulaciones)./ALLV  
650 |a ESTADISTICAS AGRICOLAS  
650 |a EVALUACION DE PROYECTOS  
650 |a ESTADISTICAS INDUSTRIALES  
999 |c 13769  |d 13769